Bài giảng hệ thống tưới tiêu
Giáo trình trình bài hệ thống đất-nước-cây trồng, bốc thoát hơi và nhu cầu nước của cây trồng, hệ thống ngấm hút, tính toán tưới cho cây trồng cạn, phương pháp và kỹ thật tưới. chế độ tiêu và hệ thống tiêu nước mặt ruộng/...
保存先:
| 共著者: | , |
|---|---|
| フォーマット: | 図書 |
| 言語: | Undetermined |
| 出版事項: |
Thành phố Hồ Chí Minh
2006
|
| 主題: | |
| タグ: |
タグ追加
タグなし, このレコードへの初めてのタグを付けませんか!
|
| Thư viện lưu trữ: | Trung tâm Học liệu Trường Đại học Cần Thơ |
|---|
| LEADER | 01077nam a2200181Ia 4500 | ||
|---|---|---|---|
| 001 | CTU_156583 | ||
| 008 | 210402s9999 xx 000 0 und d | ||
| 082 | |a 631.587 | ||
| 082 | |b B103 | ||
| 110 | |a Trường đại học Nông lâm Thành phố Hồ Chí Minh | ||
| 110 | |b Khoa Nông học | ||
| 245 | 0 | |a Bài giảng hệ thống tưới tiêu | |
| 260 | |a Thành phố Hồ Chí Minh | ||
| 260 | |c 2006 | ||
| 520 | |a Giáo trình trình bài hệ thống đất-nước-cây trồng, bốc thoát hơi và nhu cầu nước của cây trồng, hệ thống ngấm hút, tính toán tưới cho cây trồng cạn, phương pháp và kỹ thật tưới. chế độ tiêu và hệ thống tiêu nước mặt ruộng/ | ||
| 650 | |a Hydraulic engineering,Irrigation engineering,Irrigation water resources,Công trình thuỷ lợi,Kỹ thuật thuỷ lợi,Nguồn nước tưới | ||
| 904 | |i Thi | ||
| 980 | |a Trung tâm Học liệu Trường Đại học Cần Thơ | ||